Health Psychology / Sixth Edition (Record no. 2380)
[ view plain ]
| 000 -LEADER | |
|---|---|
| fixed length control field | 01341cam a22002054a 4500 |
| 005 - ΗΜΕΡΟΜΗΝΙΑ ΚΑΙ ΩΡΑ ΤΕΛΕΥΤΑΙΑΣ ΕΝΗΜΕΡΩΣΗΣ | |
| Πεδίο ελέγχου | 20250605164039.0 |
| 008 - FIXED-LENGTH DATA ELEMENTS--GENERAL INFORMATION | |
| Πεδίο ελέγχου σταθερού μήκους | 250528s ||||||||||||||||||||||||d |
| 035 ## - SYSTEM CONTROL NUMBER | |
| System control number | 16936 |
| 020 ## - ISBN | |
| ISBN | 73107263 |
| 040 ## - ΠΗΓΗ ΚΑΤΑΛΟΓΟΓΡΑΦΗΣΗΣ | |
| Φορέας πρωτότυπης καταλογογράφησης | MC Athens Campus Library |
| Γλώσσα καταλογογράφησης | Ελληνικά, Μοντέρνα (1453-) |
| Modifying agency | MC Athens Campus Library |
| Κανόνες περιγραφικής καταλογογράφησης | AACR2 |
| 245 1# - ΤΙΤΛΟΣ ΚΑΙ ΔΗΛΩΣΗ ΥΠΕΥΘΥΝΟΤΗΤΑΣ | |
| Τίτλος | Health Psychology / Sixth Edition |
| 250 ## - EDITION STATEMENT | |
| Edition statement | 6th |
| 260 ## - PUBLICATION, DISTRIBUTION, ETC. | |
| Name of publisher, distributor, etc. | Mcgraw Hill, |
| Date of publication, distribution, etc. | 2006 |
| 300 ## - PHYSICAL DESCRIPTION | |
| Extent | 562 |
| 520 ## - SUMMARY, ETC. | |
| Summary, etc. | A text that conveys the increasing sophistication and complexity of the connection between the mind and the body in an accessible and exciting manner. Preface, Introduction to Health Psychology, What is Health Psychology?, The Systems of the Body, Health Behavior and Primary Prevention, Health Behaviors, Health-Enhancing Behaviors, Health-Compromising Behaviors, Stress and Coping, Stress, The Patient in the Treatment Setting, Using Health Services, Patient-Provider Relations, Pain and Its Management, Management of Chronic and Terminal Illness, Management of Chronic Illness, Psychological Issues in Advancing and Terminal Illness, Heart Disease and Hypertension and Stroke and Diabetes, Psychoneuroimmunology and AIDS and Cancer and Arthritics, Toward the Future, Health Psychology: Challenges for the Future, Glossary, References, Name and Subject Index. |
| 700 1# - ΠΡΟΣΘΕΤΗ ΑΝΑΓΡΑΦΗ--ΦΥΣΙΚΟ ΠΡΟΣΩΠΟ | |
| Personal name | Taylor Shelley E |
| 9 (RLIN) | 585 |
| 942 ## - ADDED ENTRY ELEMENTS (KOHA) | |
| Koha item type | Books |
| Τύπος τεκμηρίου | Βιβλιοθήκη | Τρέχουσα τοποθεσία | Barcode | Αριθμός εισαγωγής | Ημερομηνία απόκτησης | Ταξιθετικό σύμβολο | Αριθμός αντιτύπου | Κατάσταση απόσυρσης | Κατάσταση χαμένου | Κατάσταση κατεστραμμένου | Μη δανεισμός | Σύνολο δανεισμών | Ημερομηνία τελευταίας εμφάνισης | Η τιμή ισχύει από |
|---|---|---|---|---|---|---|---|---|---|---|---|---|---|---|
| Books | MC Athens Campus Library | MC Athens Campus Library | 9780000023797 | 5600 | 05/06/2025 | 616/.001/9 TAY | 1 | 05/06/2025 | 05/06/2025 |